=LDR 00000nam 2200000 4500 =001 INLIS000000000006676 =005 20130612094804 =008 ***********************************Ind** =035 ##$$0010-061300000006676 =041 ##$$a Ind =082 ##$$a 005.369 =090 ##$$a 005.369, Kat k =245 ##$$a Katalog Hard Sofware =260 ##$$a 1992 $b Jakarta =300 ##$$a xii, 76 hlm., 21 cm =650 ##$$a Komputer =850 ##$$a NBPNMAT